Statistics for Top 20 most visited cities in 2014

Click here to take the quiz!

General Stats

  • This quiz has been taken 128 times
  • The average score is 13 of 20

Answer Stats

Answer% Correct
No.6New York City
99%
No.3Paris
99%
No.1London
98%
No.19Tokyo
95%
No.14Rome
93%
No.11Barcelona
83%
No.16Shanghai
83%
No.12Amsterdam
73%
No.9Hong Kong
73%
No.7Istanbul
71%
No.2Bangkok
70%
No.10Seoul
66%
No.4Singapore
65%
No.13Milan
53%
No.17Vienna
52%
No.5Dubai
50%
No.8Kuala Lumpur
39%
No.15Taipei
35%
No.20Lima
20%
No.18Riyadh
15%

Score Distribution

Percentile by Number Answered

Percent of People with Each Score

Your Score History

You have not taken this quiz